Five Most Corrupt Countries by Continent - Statistics

General Stats
  • This quiz has been taken 3,307 times
    3,291 since last reset
  • The average score is 19 of 29
Answer Stats
Continent Score Country % Correct
Europe 27 Russia
89%
South America 19 Venezuela
83%
Europe 26 Ukraine
80%
Europe 31 Belarus
77%
North America 19 Haiti
75%
South America 33 Ecuador
73%
South America 24 Paraguay
73%
South America 34 Argentina
71%
South America 30 Guyana
71%
North America 29 Honduras
71%
Oceania 25 Papua New Guinea
71%
Asia 16 Iraq
69%
North America 28 Nicaragua
69%
Asia 12 Afghanistan
68%
Oceania 80 Australia
68%
North America 32 Guatemala
68%
Europe 35 Moldova
68%
Africa 8 Somalia
68%
Oceania 91 New Zealand
67%
Asia 8 North Korea
66%
North America 32 Dominican Republic
65%
Africa 11 Sudan
65%
Africa 15 South Sudan
59%
Oceania 52 Samoa
56%
Europe 33 Albania
55%
Africa 18 Libya
48%
Africa 18 Eritrea
43%
Asia 17 Turkmenistan
41%
Asia 18 Uzbekistan
33%
No matching quizzes found
Score Distribution
Percent of People with Each Score
Percentile by Number Answered
Your Score History
You have not taken this quiz since the last reset